000
00314nam a2200133Ia 4500
005
20251222141957.0
008
251222s9999||||xx |||||||||||||| ||spa||
020
_a
978-84-415-2803-1
082
_a
741.6/L22
100
_a
Landa, Robin
245
0
_a
Diseño Gráfico y Publicidad:
264
_b
Anaya
942
_c
LIB
999
_c
9888
_d
9888